Kreslíme portréty : Ako kresliť portréty uhlíkom, ceruzkou, kriedou, pastelom

Guardado en:
Detalles Bibliográficos
Autor principal: Graves, Douglas R. (Autor)
Formato: Libro
Publicado: Bratislava : Svojtka&Co, 2005
Materias:
Etiquetas: Agregar Etiqueta
Sin Etiquetas, Sea el primero en etiquetar este registro!

MARC

LEADER 00000nam a22000003a 4500
001 stu259093
005 20150617230216.4
008 121207s2005----------------------------d
020 |a 80-969336-3-9 
040 |a STU  |b slo 
041 0
100 1 |a Graves, Douglas R.  |4 aut 
245 1 |a Kreslíme portréty :  |b Ako kresliť portréty uhlíkom, ceruzkou, kriedou, pastelom 
260 |a Bratislava :  |b Svojtka&Co,  |c 2005 
300 |a 156 s 
650 7 |a kreslenie  |2 stusub 
650 7 |a výtvarné umenie  |2 stusub 
996 |b 284AU05476  |c A*8216 U  |l AAKNST  |s P  |a 0  |w stu259093_0001 
996 |b 284AU05477  |c A*8217 U  |l AAKNAR  |s A  |a 24  |w stu259093_0002